VTT : Champion du monde de cross country - Statistiques

Statistiques générales
  • Ce quiz a été pris 32 fois
  • Le résultat moyen est 17 sur 36
Statistiques - réponses
Année Vainqueur % Correct
2022 Nino Schurter
93%
2021 Nino Schurter
93%
2019 Nino Schurter
93%
2018 Nino Schurter
93%
2017 Nino Schurter
93%
2016 Nino Schurter
93%
2015 Nino Schurter
93%
2013 Nino Schurter
93%
2012 Nino Schurter
93%
2009 Nino Schurter
93%
2014 Julien Absalon
86%
2007 Julien Absalon
86%
2006 Julien Absalon
86%
2005 Julien Absalon
86%
2004 Julien Absalon
86%
2020 Jordan Sarrou
69%
2023 Tom Pidcock
69%
2025 Alan Hatherly
55%
2024 Alan Hatherly
55%
2000 Miguel Martinez
21%
2008 Christoph Sauser
10%
2011 Jaroslav Kulhavý
10%
2010 José Antonio Hermida
10%
1998 Christophe Dupouey
7%
1991 John Tomac
7%
1990 Ned Overend
7%
2002 Roland Green
7%
2001 Roland Green
7%
1995 Bart Brentjens
3%
1994 Henrik Djernis
3%
1993 Henrik Djernis
3%
1992 Henrik Djernis
3%
1997 Hubert Pallhuber
3%
1999 Michael Rasmussen
3%
1996 Thomas Frischknecht
3%
2003 Filip Meirhaeghe
0%
Aucun quiz correspondant
Distribution des résultats
% des personnes avec chaque résultat
Percentile par nombre de réponses
Votre historique - résultats
Vous n’avez pas pris ce quiz